| 000 | 00000nam##2200000za#4500 |
| 001 | 9.624322 |
| 003 | CaOODSP |
| 005 | 20241210082330 |
| 007 | ta |
| 008 | 150406|1997||||xxc||||| f|0| 0 fre|d |
| 020 | |a0-662-82008-8 |
| 022 | |a1192-5434 |
| 040 | |aCaOODSP|bfre |
| 043 | |an-cn--- |
| 086 | 1 |aFB3-2/97-9F |
| 110 | 2 |aBanque du Canada. |
| 245 | 10|aMesures du taux d'inflation tendanciel / |cpar Thérèse Laflèche. |
| 260 | |aOttawa - Ontario : |bBanque du Canada |c1997. |
| 300 | |a31p. : |bgraphiques, tableaux ; |c28 cm. |
| 490 | 1 |aDocument de travail|x1192-5434|v97-9 |
| 500 | |a«Dans ce travail, nous établissons de nouvelles mesures statistiques du taux d'inflation tendanciel en partant de l'hypothèse selon laquelle les variations extrêmes des composantes de l'IPC traduisent généralement des chocs d'offre temporaires qui ne reflètent pas la tendance fondamentale des prix».--Synopsis. |
| 504 | |aBibliographie. |
| 520 | 3 |aDans ce travail, nous établissons de nouvelles mesures statistiques du taux d'inflation tendanciel en partant de l'hypothèse selon laquelle les variations extrêmes des composantes de l'IPC traduisent généralement des chocs d'offre temporaires qui ne reflètent pas la tendance fondamentale des prix.--Synopsis |
| 546 | |aAbstracts in English |
| 563 | |aCouverture souple |
| 590 | |a97-20|b1997-05-16 |
| 720 | 1 |aLaflèche, Thérèse |
| 776 | 0#|tMesures du taux d'inflation tendanciel / |w(CaOODSP)9.602127 |
| 830 | #0|aDocument de travail,|x1192-5434|v97-9|w(CaOODSP)9.513013 |